000 00340nam a2200133 a 4500
005 20140414093847.0
008 110304s19uu xx 00 eng d
050 _aCDR 543
_bF96 2004
245 _aFundamentals of Analytical Chemistry.
260 _aNew York :
_bThomson,
_c2004.
650 _aChemistry
942 _cAVM
999 _c109714
_d109714